[Event "ROM-ch"]
[Site "Sebes"]
[Date "2023.02.21"]
[Round "3"]
[White "Cosma, Ioan"]
[Black "Oltean, Cristian Daniel"]
[Result "1/2-1/2"]
[WhiteElo "2368"]
[BlackElo "2035"]
[PlyCount "74"]
[EventDate "2023.02.19"]
[EventType "swiss"]
[EventRounds "9"]
[EventCountry "ROU"]
[SourceTitle "CBM 212 Extra"]
[Source "ChessBase"]
[SourceDate "2023.03.31"]
[SourceVersion "1"]
[SourceVersionDate "2023.03.31"]
[SourceQuality "1"]

1. c4 c5 2. Nf3 Nc6 3. d4 cxd4 4. Nxd4 g6 5. e4 Bg7 6. Be3 Nf6 7. Nc3 0-0 8. Be2 d6 9. 0-0 Bd7 10. Qd2 Nxd4 11. Bxd4 Bc6 12. f3 Nd7 13. b4 Bxd4+ 14. Qxd4 Qb6 15. Qxb6 Nxb6 16. Rac1 Rfc8 17. Nd1 a5 18. c5 dxc5 19. bxc5 Na4 20. Ne3 Bd7 21. Nd5 Kf8 22. Bd1 Nb2 23. Rb1 Nc4 24. Rc1 Bb5 25. Rf2 Rxc5 26. a4 Ba6 27. Nb6 Rd8 28. Be2 Rc6 29. Nxc4 Rdc8 30. Rb1 Bxc4 31. Rxb7 Bxe2 32. Rxe2 Rc4 33. Rd2 Rc1+ 34. Kf2 R1c2 35. Rb2 Rxd2+ 36. Rxd2 Rc4 37. Ra2 e6 1/2-1/2

[Event "ROM-ch"]
[Site "Sebes"]
[Date "2023.02.19"]
[Round "1"]
[White "Oltean, Cristian Daniel"]
[Black "Georgescu, Tiberiu Marian"]
[Result "0-1"]
[WhiteElo "2035"]
[BlackElo "2479"]
[PlyCount "66"]
[EventDate "2023.02.19"]
[EventType "swiss"]
[EventRounds "9"]
[EventCountry "ROU"]
[SourceTitle "CBM 212 Extra"]
[Source "ChessBase"]
[SourceDate "2023.03.31"]
[SourceVersion "1"]
[SourceVersionDate "2023.03.31"]
[SourceQuality "1"]

1. e4 e6 2. d3 d5 3. Nd2 Nf6 4. Ngf3 Nc6 5. c3 Bd6 6. Be2 0-0 7. 0-0 a5 8. a4 Re8 9. Qc2 e5 10. Re1 Bf8 11. Nf1 h6 12. Ng3 Be6 13. h3 g6 14. Be3 Bg7 15. Bc5 Nd7 16. Ba3 Kh7 17. exd5 Bxd5 18. Nd2 f5 19. Bf3 Bf7 20. Rad1 Nb6 21. Nc4 Nd5 22. Qb3 Rb8 23. Qb5 Nf4 24. Nxa5 Nxa5 25. Qxa5 Bb3 26. Rd2 e4 27. Bd1 exd3 28. Rxe8 Qxe8 29. Bxb3 Qe1+ 30. Nf1 Ne2+ 31. Kh2 b6 32. Qd5 Qxf2 33. h4 Qxh4# 0-1

[Event "Sebes Romanian Rapid op"]
[Site "Sebes"]
[Date "2022.12.02"]
[Round "2"]
[White "Costachi, Mihnea"]
[Black "Oltean, Cristian Daniel"]
[Result "1-0"]
[WhiteElo "2476"]
[BlackElo "2015"]
[PlyCount "149"]
[EventDate "2022.12.02"]
[EventType "swiss (rapid)"]
[EventRounds "8"]
[EventCountry "ROU"]
[SourceTitle "CBM 211 Extra"]
[Source "ChessBase"]
[SourceDate "2023.01.31"]
[SourceVersion "1"]
[SourceVersionDate "2023.01.31"]
[SourceQuality "1"]

1. d4 d5 2. c4 e6 3. Nc3 c5 4. cxd5 exd5 5. Nf3 Nc6 6. g3 Nf6 7. Bg2 cxd4 8. Nxd4 Bc5 9. Nb3 Bb6 10. 0-0 d4 11. Na4 0-0 12. Nxb6 axb6 13. Bg5 Be6 14. Bxc6 bxc6 15. Qxd4 c5 16. Bxf6 Qxf6 17. Qxf6 gxf6 18. Rfd1 Rfd8 19. Rxd8+ Rxd8 20. e3 Ra8 21. Nc1 Rd8 22. Nb3 Ra8 23. Nd2 Bxa2 24. b3 Kg7 25. Kf1 b5 26. Ke1 Ra3 27. e4 Ra6 28. f4 c4 29. bxc4 bxc4 30. Rc1 Rc6 31. Rc3 Rb6 32. Ke2 Bb1 33. Rxc4 Rb2 34. Ke3 Ba2 35. Rc7 Be6 36. f5 Ba2 37. h4 h5 38. Ra7 Bb1 39. Rd7 Bc2 40. Kf4 Rb4 41. Rc7 Bd1 42. Rc4 Rb2 43. Rd4 Ra2 44. Rd3 Bc2 45. Rd6 Ra3 46. Nc4 Rc3 47. Rd4 Bd3 48. Ne3 Be2 49. Rd2 Bb5 50. g4 hxg4 51. Rg2 Bc6 52. Nxg4 Rc1 53. Ne5+ Kf8 54. Nxc6 Rxc6 55. Rg3 Rc1 56. Rh3 Rf1+ 57. Rf3 Rh1 58. Kg4 Re1 59. Kf4 Rh1 60. Kg3 Re1 61. Rf4 Kg7 62. Rg4+ Kh7 63. Kf2 Rh1 64. Ke3 Rd1 65. Rg2 Rh1 66. Rg4 Rd1 67. Ke2 Rh1 68. Kd3 Kh6 69. Kd4 Rd1+ 70. Kc5 Kh7 71. Rg3 Rh1 72. Kd6 Rxh4 73. Ke7 Rxe4+ 74. Kxf7 Ra4 75. Rh3+ 1-0

[Event "Sebes Romanian Rapid op"]
[Site "Sebes"]
[Date "2022.12.02"]
[Round "6"]
[White "Sandru, Nicolae"]
[Black "Oltean, Cristian Daniel"]
[Result "0-1"]
[WhiteElo "1657"]
[BlackElo "2015"]
[PlyCount "88"]
[EventDate "2022.12.02"]
[EventType "swiss (rapid)"]
[EventRounds "8"]
[EventCountry "ROU"]
[SourceTitle "CBM 211 Extra"]
[Source "ChessBase"]
[SourceDate "2023.01.31"]
[SourceVersion "1"]
[SourceVersionDate "2023.01.31"]
[SourceQuality "1"]

1. d4 g6 2. Bf4 Bg7 3. e3 f5 4. h3 Nf6 5. Nd2 d6 6. Bc4 e6 7. Ngf3 0-0 8. a3 Kh8 9. 0-0 Qe8 10. Bh2 Ne4 11. c3 Nd7 12. Bb3 Nxd2 13. Qxd2 e5 14. Ng5 Nb6 15. Nf3 e4 16. Ne1 Be6 17. d5 Bd7 18. Nc2 Bb5 19. Rfe1 Bc4 20. Nd4 Bxb3 21. Nxb3 Qb5 22. Qc2 Qxd5 23. Rad1 Qf7 24. Nd4 Be5 25. b3 a6 26. c4 Nd7 27. b4 Bxh2+ 28. Kxh2 Ne5 29. c5 Nd3 30. Re2 d5 31. Rxd3 exd3 32. Qxd3 Rae8 33. Qc3 Qf6 34. a4 f4 35. Rc2 fxe3 36. fxe3 Qe5+ 37. g3 Qxe3 38. Qb2 Qe5 39. Re2 Qf6 40. Rd2 h6 41. b5 axb5 42. Qxb5 Re1 43. Qb2 Kh7 44. Qxb7 Qf2+ 0-1

[Event "EU-ch U16 30th"]
[Site "Antalya"]
[Date "2022.11.06"]
[Round "1"]
[White "Azadaliyev, Jahandar"]
[Black "Oltean, Cristian Daniel"]
[Result "1-0"]
[WhiteElo "2249"]
[BlackElo "1896"]
[PlyCount "29"]
[EventDate "2022.11.06"]
[EventType "swiss"]
[EventRounds "9"]
[EventCountry "TUR"]
[SourceTitle "EXT 2024"]
[Source "ChessBase"]
[SourceDate "2023.10.10"]
[SourceVersion "1"]
[SourceVersionDate "2023.10.10"]
[SourceQuality "1"]

1. d4 d5 2. c4 e6 3. Nc3 c5 4. cxd5 exd5 5. Nf3 Nc6 6. g3 Nf6 7. Bg2 cxd4 8. Nxd4 Bc5 9. Nb3 Bb6 10. 0-0 d4 11. Na4 0-0 12. Nxb6 axb6 13. Bxc6 bxc6 14. Qxd4 Be6 15. Bg5 1-0

[Event "Arad op 15th"]
[Site "Arad"]
[Date "2022.08.09"]
[Round "2"]
[White "Mihalca, Imre Gheorghe"]
[Black "Oltean, Cristian Daniel"]
[Result "0-1"]
[WhiteElo "1561"]
[BlackElo "2092"]
[PlyCount "95"]
[EventDate "2022.08.08"]
[EventType "swiss"]
[EventRounds "9"]
[EventCountry "ROU"]
[SourceTitle "CBM 209 Extra"]
[Source "ChessBase"]
[SourceDate "2022.09.30"]
[SourceVersion "1"]
[SourceVersionDate "2022.09.30"]
[SourceQuality "1"]

1. Nf3 g6 2. d4 Bg7 3. e3 f5 4. Nbd2 Nf6 5. Be2 0-0 6. c4 d6 7. 0-0 c6 8. Qc2 Qc7 9. b3 e5 10. dxe5 dxe5 11. Bb2 e4 12. Ne1 c5 13. g3 Nc6 14. a3 Be6 15. Ng2 Rad8 16. Nf4 Bf7 17. Rad1 Ne5 18. Bxe5 Qxe5 19. Nb1 g5 20. Nd5 Nxd5 21. cxd5 b6 22. Rd2 Rxd5 23. Bc4 Rxd2 24. Bxf7+ Rxf7 25. Qxd2 Bf6 26. Rd1 Rf8 27. Qd5+ Qxd5 28. Rxd5 Rd8 29. Rxd8+ Bxd8 30. Kf1 Kf7 31. Ke2 Bf6 32. f3 exf3+ 33. Kxf3 b5 34. e4 c4 35. a4 cxb3 36. axb5 Ke6 37. exf5+ Kxf5 38. g4+ Ke5 39. b6 axb6 40. Ke3 Kd5 41. Kd3 Kc5 42. Nd2 Kb4 43. Nb1 b2 44. Kc2 Kc4 45. Na3+ Kd4 46. Kd2 Ke4 47. Ke2 Kf4 48. Nb1 0-1

[Event "Arad op-A 14th"]
[Site "Arad"]
[Date "2021.08.06"]
[Round "9"]
[White "Oltean, Cristian Daniel"]
[Black "Chima, Radu Niculin"]
[Result "1-0"]
[WhiteElo "1924"]
[BlackElo "2037"]
[PlyCount "45"]
[EventDate "2021.07.30"]
[EventType "swiss"]
[EventRounds "9"]
[EventCountry "ROU"]
[SourceTitle "CBM 203 Extra"]
[Source "ChessBase"]
[SourceDate "2021.09.30"]
[SourceVersion "1"]
[SourceVersionDate "2021.09.30"]
[SourceQuality "1"]

1. e4 Nf6 2. e5 Nd5 3. d4 d6 4. c4 Nb6 5. f4 g6 6. Nf3 Bg7 7. Be2 0-0 8. 0-0 a5 9. Be3 Na6 10. Nc3 Bg4 11. b3 Nd7 12. h3 Bxf3 13. Bxf3 Rb8 14. Qd2 c5 15. exd6 exd6 16. dxc5 dxc5 17. Rad1 Qe7 18. Nd5 Qd8 19. Bf2 Re8 20. Rfe1 Rxe1+ 21. Qxe1 Kh8 22. Kh1 Nf8 23. Kg1 1-0

[Event "Arad op-A 14th"]
[Site "Arad"]
[Date "2021.08.01"]
[Round "4"]
[White "Mozes, Ervin"]
[Black "Oltean, Cristian Daniel"]
[Result "1/2-1/2"]
[WhiteElo "2091"]
[BlackElo "1924"]
[PlyCount "27"]
[EventDate "2021.07.30"]
[EventType "swiss"]
[EventRounds "9"]
[EventCountry "ROU"]
[SourceTitle "CBM 203 Extra"]
[Source "ChessBase"]
[SourceDate "2021.09.30"]
[SourceVersion "1"]
[SourceVersionDate "2021.09.30"]
[SourceQuality "1"]

1. g3 c5 2. Bg2 d5 3. Nf3 Nc6 4. d4 e6 5. 0-0 Be7 6. e3 Nf6 7. b3 b6 8. Bb2 Bb7 9. Nbd2 0-0 10. Rc1 Rc8 11. Re1 Qc7 12. a3 c4 13. bxc4 dxc4 14. Nxc4 1/2-1/2

[Event "Arad op-A 14th"]
[Site "Arad"]
[Date "2021.07.30"]
[Round "1"]
[White "Oltean, Cristian Daniel"]
[Black "Stepanencu, Nicodim Cosmin"]
[Result "0-1"]
[WhiteElo "1924"]
[BlackElo "2226"]
[PlyCount "116"]
[EventDate "2021.07.30"]
[EventType "swiss"]
[EventRounds "9"]
[EventCountry "ROU"]
[SourceTitle "CBM 203 Extra"]
[Source "ChessBase"]
[SourceDate "2021.09.30"]
[SourceVersion "1"]
[SourceVersionDate "2021.09.30"]
[SourceQuality "1"]

1. e4 c5 2. Nf3 d6 3. d4 cxd4 4. Nxd4 Nf6 5. Nc3 a6 6. h3 e5 7. Nde2 h5 8. g3 Be7 9. Bg2 b5 10. a4 b4 11. Nd5 Nxd5 12. Qxd5 Ra7 13. Be3 Rb7 14. 0-0 Qc7 15. Qd2 Be6 16. Rfc1 Nd7 17. c4 Nc5 18. Bxc5 Qxc5 19. b3 Rd7 20. Re1 0-0 21. Rad1 Bd8 22. Nc1 a5 23. Nd3 Qa7 24. Nb2 f5 25. exf5 Rxf5 26. Re2 Bb6 27. Rf1 Rdf7 28. Nd1 Bd4 29. Ne3 Rf3 30. Kh2 h4 31. g4 R3f4 32. Kg1 Bc5 33. Qd3 Bxe3 34. fxe3 Rxf1+ 35. Bxf1 Qc5 36. Bg2 Qa7 37. Bf1 Qc5 38. Rf2 Rxf2 39. Kxf2 d5 40. cxd5 Bxd5 41. Be2 e4 42. Qd1 Qd6 43. Qd4 Qg3+ 44. Kf1 Qxh3+ 45. Ke1 Qg3+ 46. Kd1 Bxb3+ 47. Kd2 Qc7 48. Qb2 Qc3+ 49. Qxc3 bxc3+ 50. Kxc3 Bxa4 51. Bc4+ Kf8 52. Bd5 Bd1 53. Bxe4 Bxg4 54. Bh1 Be6 55. Kd4 a4 56. Kc3 a3 57. e4 a2 58. Kb2 g5 0-1

[Event "Targu Mures op"]
[Site "Targu Mures"]
[Date "2021.07.24"]
[Round "6"]
[White "Oltean, Cristian Daniel"]
[Black "Creanga, Robert Ionut"]
[Result "1/2-1/2"]
[WhiteElo "1924"]
[BlackElo "2116"]
[PlyCount "93"]
[EventDate "2021.07.21"]
[EventType "swiss"]
[EventRounds "7"]
[EventCountry "ROU"]
[SourceTitle "CBM 203 Extra"]
[Source "ChessBase"]
[SourceDate "2021.09.30"]
[SourceVersion "1"]
[SourceVersionDate "2021.09.30"]
[SourceQuality "1"]

1. e4 d6 2. d4 Nf6 3. f3 c5 4. Ne2 cxd4 5. Nxd4 a6 6. c4 e5 7. Nc2 Be7 8. Be3 0-0 9. Be2 Be6 10. Nc3 Nbd7 11. Qd2 Rc8 12. Nd5 Bxd5 13. cxd5 h5 14. 0-0 h4 15. Nb4 Nh7 16. Rac1 Nc5 17. Nd3 Nxd3 18. Rxc8 Qxc8 19. Bxd3 Qd7 20. Rc1 Rc8 21. Rxc8+ Qxc8 22. Qc2 Qd7 23. Qd2 Nf8 24. Qc1 Bd8 25. Qc2 Ng6 26. g3 hxg3 27. hxg3 Ne7 28. Kg2 Nc8 29. Qb3 Ba5 30. a3 Qc7 31. Qc2 Qd8 32. Qb3 Bb6 33. Bxb6 Nxb6 34. Qc2 Nd7 35. b4 g6 36. Qf2 Qb8 37. Qc2 Kg7 38. Qd2 Nb6 39. Qf2 Qc7 40. Qc2 Qxc2+ 41. Bxc2 Nc4 42. Bd3 Nxa3 43. Kf2 Kh6 44. Ke3 Kh5 45. Kd2 g5 46. Be2 Kg6 47. g4 1/2-1/2

[Event "ROM-ch U16"]
[Site "Mamaia"]
[Date "2021.04.12"]
[Round "8"]
[White "Chivu, Razvan Gabriel"]
[Black "Oltean, Cristian Daniel"]
[Result "0-1"]
[WhiteElo "1620"]
[BlackElo "1917"]
[PlyCount "70"]
[EventDate "2021.04.07"]
[EventType "swiss"]
[EventRounds "9"]
[EventCountry "ROU"]
[SourceTitle "EXT 2022"]
[Source "ChessBase"]
[SourceDate "2021.10.06"]
[SourceVersion "1"]
[SourceVersionDate "2021.10.06"]
[SourceQuality "1"]

1. e4 g6 2. d4 Bg7 3. f4 c6 4. Nf3 d5 5. e5 Bg4 6. Bd3 Nh6 7. h3 Bxf3 8. Qxf3 0-0 9. f5 Nxf5 10. Bxf5 gxf5 11. Qxf5 Qd7 12. g4 e6 13. Qd3 f6 14. exf6 Bxf6 15. g5 Bg7 16. Be3 e5 17. dxe5 Qf5 18. Rf1 Qxf1+ 19. Qxf1 Rxf1+ 20. Kxf1 Bxe5 21. c3 Nd7 22. Ke2 Re8 23. Kd2 Bd6 24. b4 a5 25. bxa5 Ne5 26. Bd4 Nc4+ 27. Kd3 Re1 28. a4 c5 29. Bf6 Rc1 30. h4 Nxa5 31. c4 dxc4+ 32. Ke4 Nb3 33. Bb2 Re1+ 34. Kd5 Nxa1 35. Kxd6 Rxb1 0-1

[Event "ROM-ch U16"]
[Site "Mamaia"]
[Date "2021.04.09"]
[Round "4"]
[White "Voicu, Teodor Mihnea"]
[Black "Oltean, Cristian Daniel"]
[Result "1/2-1/2"]
[WhiteElo "1907"]
[BlackElo "1917"]
[PlyCount "94"]
[EventDate "2021.04.07"]
[EventType "swiss"]
[EventRounds "9"]
[EventCountry "ROU"]
[SourceTitle "EXT 2022"]
[Source "ChessBase"]
[SourceDate "2021.10.06"]
[SourceVersion "1"]
[SourceVersionDate "2021.10.06"]
[SourceQuality "1"]

1. d4 d5 2. c4 e6 3. Nc3 f5 4. Nf3 Nf6 5. Bg5 c6 6. e3 Be7 7. Bxf6 Bxf6 8. Qb3 0-0 9. Bd3 Be7 10. Ne2 Qa5+ 11. Nc3 Nd7 12. Qc2 Nf6 13. cxd5 cxd5 14. 0-0 Bd7 15. Qb3 Qb4 16. Ne5 Qxb3 17. axb3 a6 18. Rfc1 Rfc8 19. f3 Bc6 20. Ne2 Be8 21. Nf4 Bf7 22. Nh3 Bd6 23. f4 h6 24. Nf2 g5 25. g3 g4 26. Nd1 Bb4 27. Kf2 Be8 28. Nc3 Nd7 29. Nxd7 Bxd7 30. Rc2 Rc7 31. Rac1 Rac8 32. Ke2 Kf8 33. Kd1 h5 34. Na2 Rxc2 35. Bxc2 Bd6 36. Kd2 Ke7 37. Rh1 Kf7 38. h3 Kg7 39. hxg4 hxg4 40. Nc1 Bb5 41. Na2 Rh8 42. Rxh8 Kxh8 43. Bd3 Bxd3 44. Kxd3 Kg7 45. Kc3 Kf7 46. Nc1 b6 47. Nd3 Ke7 1/2-1/2

[Event "ROM-ch U16"]
[Site "Mamaia"]
[Date "2021.04.08"]
[Round "2"]
[White "Rusu, Dragos"]
[Black "Oltean, Cristian Daniel"]
[Result "0-1"]
[WhiteElo "1001"]
[BlackElo "1917"]
[PlyCount "106"]
[EventDate "2021.04.07"]
[EventType "swiss"]
[EventRounds "9"]
[EventCountry "ROU"]
[SourceTitle "EXT 2022"]
[Source "ChessBase"]
[SourceDate "2021.10.06"]
[SourceVersion "1"]
[SourceVersionDate "2021.10.06"]
[SourceQuality "1"]

1. c4 c5 2. g3 g6 3. Bg2 Bg7 4. Nc3 Nc6 5. e3 e6 6. Nge2 Nge7 7. 0-0 0-0 8. a3 d5 9. cxd5 exd5 10. d4 cxd4 11. Nxd4 Nxd4 12. exd4 Be6 13. Bg5 f6 14. Bf4 g5 15. Be3 Rc8 16. Qb3 Qd7 17. Rfe1 Rc4 18. Re2 Nf5 19. Qb5 Qxb5 20. Nxb5 a6 21. Nc3 Rd8 22. Rd1 Kf7 23. Rde1 Rd6 24. Rd2 Bf8 25. Bf1 Rc8 26. Na2 Rdc6 27. Nc3 Bxa3 28. Nxd5 Bxd5 29. bxa3 Rc1 30. Rdd1 Rxd1 31. Rxd1 Bf3 32. Rc1 Rxc1 33. Bxc1 Nxd4 34. Bc4+ Ke7 35. Kf1 Kd6 36. Bb2 Kc5 37. Bd3 f5 38. Bc1 Be4 39. Bxe4 fxe4 40. Be3 Kc4 41. Bxg5 b5 42. Be7 a5 43. Ke1 b4 44. axb4 axb4 45. Kd2 b3 46. Kc1 Nf3 47. h4 Ne5 48. Bg5 Nd3+ 49. Kb1 Nxf2 50. h5 Ng4 51. Bd2 e3 52. Be1 e2 53. Kb2 Ne5 0-1

[Event "ROM-ch U16"]
[Site "Mamaia"]
[Date "2021.04.07"]
[Round "1"]
[White "Oltean, Cristian Daniel"]
[Black "Antonica, Dragos Andrei"]
[Result "0-1"]
[WhiteElo "1917"]
[BlackElo "2291"]
[PlyCount "92"]
[EventDate "2021.04.07"]
[EventType "swiss"]
[EventRounds "9"]
[EventCountry "ROU"]
[SourceTitle "EXT 2022"]
[Source "ChessBase"]
[SourceDate "2021.10.06"]
[SourceVersion "1"]
[SourceVersionDate "2021.10.06"]
[SourceQuality "1"]

1. e4 e6 2. d3 d5 3. Nd2 Nf6 4. Ngf3 Nc6 5. c3 dxe4 6. dxe4 Bc5 7. Be2 0-0 8. 0-0 a5 9. e5 Nd7 10. Ne4 Be7 11. Bf4 a4 12. Qc2 Ra5 13. b4 axb3 14. axb3 Rxa1 15. Rxa1 b6 16. Neg5 g6 17. Ne4 Bb7 18. Rd1 Qc8 19. b4 Rd8 20. h4 Qa8 21. Bd3 Ncb8 22. Bg5 Bxg5 23. Nexg5 Nc6 24. Nxf7 Kxf7 25. Bxg6+ Kg7 26. Bxh7 Nf8 27. Bd3 Ne7 28. Nd4 c5 29. bxc5 bxc5 30. Nb5 Bc6 31. Nd6 Qa4 32. Qxa4 Bxa4 33. Ra1 Bc6 34. f4 Nc8 35. Be4 Nxd6 36. Bxc6 Nf5 37. Ra7+ Kh6 38. g4 Nxh4 39. Kf2 Nfg6 40. Be4 Nxf4 41. Rh7+ Kg5 42. Kg3 Ne2+ 43. Kh3 Kf4 44. Bc2 Nf3 45. Rf7+ Ke3 46. Rf6 Rh8+ 0-1

[Event "Arad op 13th"]
[Site "Arad"]
[Date "2020.09.26"]
[Round "2"]
[White "Ghimpu, Samuel Timotei"]
[Black "Oltean, Cristian Daniel"]
[Result "1/2-1/2"]
[WhiteElo "2302"]
[BlackElo "2001"]
[PlyCount "34"]
[EventDate "2020.09.25"]
[EventType "swiss"]
[EventRounds "9"]
[EventCountry "ROU"]
[SourceTitle "CBM 198 Extra"]
[Source "ChessBase"]
[SourceDate "2020.11.30"]
[SourceVersion "1"]
[SourceVersionDate "2020.11.30"]
[SourceQuality "1"]

1. d4 f5 2. Nc3 d5 3. Bg5 h6 4. Bf4 Nf6 5. e3 e6 6. Nf3 Bd6 7. Ne5 0-0 8. Bd3 c6 9. g4 Nxg4 10. h3 Nxe5 11. dxe5 Be7 12. Rg1 Kh7 13. Qh5 g5 14. h4 Qe8 15. Qg4 h5 16. Qe2 gxf4 17. 0-0-0 Nd7 1/2-1/2

[Event "EU-ch Online U14"]
[Site "Tornelo INT"]
[Date "2020.09.19"]
[Round "4"]
[White "Oltean, Cristian Daniel"]
[Black "Ohanyan, Emin"]
[Result "0-1"]
[WhiteElo "1780"]
[BlackElo "2171"]
[PlyCount "56"]
[EventDate "2020.09.18"]
[EventType "swiss (rapid)"]
[EventRounds "9"]
[EventCountry "NET"]
[SourceTitle "EXT 2023"]
[Source "ChessBase"]
[SourceDate "2022.10.05"]
[SourceVersion "1"]
[SourceVersionDate "2022.10.05"]
[SourceQuality "1"]
[WhiteTeam "Romania"]
[BlackTeam "Armenia"]
[WhiteTeamCountry "ROU"]
[BlackTeamCountry "ARM"]

1. e4 e5 2. Nf3 Nc6 3. d4 exd4 4. Nxd4 Nf6 5. Nxc6 bxc6 6. Nc3 Bb4 7. Bd3 d5 8. exd5 0-0 9. 0-0 cxd5 10. Bg5 c6 11. Qf3 h6 12. Bxf6 Qxf6 13. Qxf6 gxf6 14. Ne2 Rb8 15. Nd4 Bc5 16. Nxc6 Rxb2 17. Rfb1 Rb6 18. Rxb6 axb6 19. Na7 Bd7 20. Nb5 Ra8 21. Nc7 Ra5 22. Nxd5 Bd4 23. Ne7+ Kf8 24. Re1 Bc3 25. Re3 Bb4 26. Ng6+ fxg6 27. Bxg6 Rxa2 28. g3 Bh3 0-1

[Event "EU Union-ch U14"]
[Site "Kouty nad Desnou"]
[Date "2019.08.16"]
[Round "1"]
[White "Oltean, Cristian Daniel"]
[Black "Gnojek, Petr"]
[Result "1/2-1/2"]
[WhiteElo "1759"]
[BlackElo "2188"]
[PlyCount "55"]
[EventDate "2019.08.16"]
[EventType "swiss"]
[EventRounds "9"]
[EventCountry "CZE"]
[SourceTitle "EXT 2020"]
[Source "ChessBase"]
[SourceDate "2019.10.17"]
[SourceVersion "1"]
[SourceVersionDate "2019.10.17"]
[SourceQuality "1"]

1. e4 c5 2. Nc3 e6 3. f4 d5 4. d3 Nc6 5. Nf3 dxe4 6. Nxe4 b6 7. g3 g6 8. Bg2 Bb7 9. Bd2 Bg7 10. Bc3 Bxc3+ 11. bxc3 Nge7 12. Nf6+ Kf8 13. g4 Kg7 14. g5 Nd5 15. Nxd5 exd5 16. 0-0 d4 17. f5 dxc3 18. Qe1 Nd4 19. Qe5+ Kg8 20. Nxd4 Bxg2 21. Ne6 fxe6 22. Qxe6+ Kg7 23. Qe5+ Kg8 24. Qe6+ Kg7 25. Qe5+ Kg8 26. Qe6+ Kg7 27. Qe5+ Kg8 28. Qe6+ 1/2-1/2

[Event "ROM-ch U14"]
[Site "Calimanesti Caciulata"]
[Date "2019.04.20"]
[Round "7"]
[White "Mazilu, Stefan Fabian"]
[Black "Oltean, Cristian Daniel"]
[Result "1/2-1/2"]
[WhiteElo "1521"]
[BlackElo "1747"]
[PlyCount "74"]
[EventDate "2019.04.15"]
[EventType "swiss"]
[EventRounds "9"]
[EventCountry "ROU"]
[SourceTitle "CBM 190 Extra"]
[Source "ChessBase"]
[SourceDate "2019.07.15"]
[SourceVersion "1"]
[SourceVersionDate "2019.07.15"]
[SourceQuality "1"]

1. d4 d6 2. Nf3 Nf6 3. g3 Nbd7 4. c4 e5 5. Bg2 Be7 6. Nc3 c6 7. Qc2 0-0 8. 0-0 Re8 9. h3 Bf8 10. e4 a6 11. a4 a5 12. Be3 Qc7 13. Rad1 Nb8 14. b3 Na6 15. Nh4 Nd7 16. Kh1 g6 17. f4 Bg7 18. fxe5 dxe5 19. d5 Bf8 20. Qf2 f6 21. g4 Bc5 22. Rb1 Rf8 23. Bxc5 Ndxc5 24. Qe3 Qd8 25. Qg3 Qe7 26. Nf3 Nd3 27. Ne1 Nf4 28. Nd3 Nxd3 29. Qxd3 Kg7 30. Ne2 Nc5 31. Qe3 Na6 32. Rf2 Qc5 33. Qg3 Qe7 34. Rbf1 Bd7 35. Nc1 Nc5 36. Qe3 h6 37. Rd1 Na6 1/2-1/2

[Event "HUN-chT2 Toth 1819"]
[Site "Hungary"]
[Date "2019.02.24"]
[Round "8.10"]
[White "Oltean, Cristian Daniel"]
[Black "Kis, Izabella"]
[Result "1-0"]
[WhiteElo "1732"]
[BlackElo "1455"]
[PlyCount "65"]
[EventDate "2018.09.23"]
[EventType "team-tourn"]
[EventRounds "11"]
[EventCountry "HUN"]
[SourceTitle "EXT 2021"]
[Source "ChessBase"]
[SourceDate "2020.10.23"]
[SourceVersion "1"]
[SourceVersionDate "2020.10.23"]
[SourceQuality "1"]
[WhiteTeam "Gyula"]
[BlackTeam "Szeged Maroczy III"]
[WhiteTeamCountry "HUN"]
[BlackTeamCountry "HUN"]

1. e4 e5 2. Nf3 Nc6 3. Bc4 Nf6 4. d3 h6 5. Be3 Be7 6. Nc3 d6 7. h3 Be6 8. Bb3 0-0 9. Qd2 a6 10. 0-0-0 b5 11. Rdg1 d5 12. exd5 Nxd5 13. g4 b4 14. Ne4 Nxe3 15. fxe3 Bxb3 16. axb3 f5 17. gxf5 Rxf5 18. Rg3 Qf8 19. Qg2 Kh8 20. Rg1 Rf7 21. Nfd2 a5 22. Rg6 Bd6 23. Nxd6 cxd6 24. Qxc6 Rd8 25. Qg2 Ra8 26. Rf1 Rxf1+ 27. Qxf1 Qe8 28. Qg2 Qf8 29. Rxg7 a4 30. Rg3 a3 31. Kb1 axb2 32. Qf3 Qc8 33. Qf6+ 1-0